Affirming our identity : (Record no. 25259)
[ view plain ]
| 000 -LEADER | |
|---|---|
| fixed length control field | 00839nam a22002297a 4500 |
| 003 - CONTROL NUMBER IDENTIFIER | |
| control field | AUA.1 |
| 005 - DATE AND TIME OF LATEST TRANSACTION | |
| control field | 20251120163702.0 |
| 008 - FIXED-LENGTH DATA ELEMENTS--GENERAL INFORMATION | |
| fixed length control field | 251120b |||||||| |||| 00| 0 eng d |
| 020 ## - INTERNATIONAL STANDARD BOOK NUMBER | |
| International Standard Book Number | 9788419752710 |
| 040 ## - CATALOGING SOURCE | |
| Transcribing agency | JTL |
| 050 ## - LIBRARY OF CONGRESS CALL NUMBER | |
| Classification number | BX6121.3 |
| Item number | .A44 2023 |
| 245 ## - TITLE STATEMENT | |
| Title | Affirming our identity : |
| Remainder of title | current theological issues challenging the Seventh-day Adventist church / |
| Statement of responsibility, etc | Dan-Adrian Petre, Joel Iparraguirre, J. Vladimir Polanco, (eds) |
| 300 ## - PHYSICAL DESCRIPTION | |
| Extent | xiv, 305 pages : |
| Other physical details | illustrations; |
| Dimensions | 23 cm. |
| 650 ## - SUBJECT ADDED ENTRY--TOPICAL TERM | |
| Topical term or geographic name as entry element | Seventh-day Adventists |
| 650 ## - SUBJECT ADDED ENTRY--TOPICAL TERM | |
| Topical term or geographic name as entry element | Seventh-day Adventists |
| Form subdivision | Conflicts |
| 650 ## - SUBJECT ADDED ENTRY--TOPICAL TERM | |
| Topical term or geographic name as entry element | Seventh-day Adventists |
| Form subdivision | Relations |
| 650 ## - SUBJECT ADDED ENTRY--TOPICAL TERM | |
| Topical term or geographic name as entry element | Seventh-day Adventists |
| Form subdivision | Theology |
| 700 ## - ADDED ENTRY--PERSONAL NAME | |
| Personal name | Dan-Adrian Petre |
| 700 ## - ADDED ENTRY--PERSONAL NAME | |
| Personal name | Joel Iparraguirre |
| 700 ## - ADDED ENTRY--PERSONAL NAME | |
| Personal name | J. Vladimir Polanco |
| 942 ## - ADDED ENTRY ELEMENTS (KOHA) | |
| Source of classification or shelving scheme | Library of Congress Classification |
| Koha item type | Books |
| Classification part | BX 6121.3 |
| Item part | .A44 2023 |
| Withdrawn status | Lost status | Source of classification or shelving scheme | Damaged status | Not for loan | Collection code | Home library | Current library | Shelving location | Date acquired | Source of acquisition | Cost, normal purchase price | Serial Enumeration / chronology | Total Checkouts | Total Renewals | Full call number | Barcode | Date last seen | Date checked out | Cost, replacement price | Price effective from | Koha item type |
|---|---|---|---|---|---|---|---|---|---|---|---|---|---|---|---|---|---|---|---|---|---|
| Library of Congress Classification | Books | Judith Thomas Library | Judith Thomas Library | General Stacks | 20/11/2025 | Donation, Prof. Vincent Injety | 15.00 | AUA28000 | 2 | 1 | BX 6121.3 .A44 2023 | AUA28000 | 20/01/2026 | 12/01/2026 | 15.00 | 20/11/2025 | Books |